MDQL
is popping MORE tags! Check the
thread
!
Quizzes
Events
Quiz Creation
Community
Videos
Private Events
Remove Ads
Sign In
Join for FREE
Feedback
Dark Mode
Quiz Categories
Sports
Geography
Music
Movies
Television
Just For Fun
Miscellaneous
History
Literature
Language
Science
Gaming
Entertainment
Religion
Holiday
For Kids
Quiz Lab
Recent
Popular Today
Quiz Kudos Today
Editor Picks
Curator Picks
Quizzes by...
Day
Popularity
Type
Ratings
Length
Year
Community
Subscriptions
Recent Discussions
Orange Saloon
Badges
Playlists
Quests
Create
Leaderboards
Showdown
Live 5
Trivia Bingo
Activity
Puzzle Library
Sporcle Events
Private Events
Virtual Trivia
Globe League
Become a Host
Pub Owners
SporcleCon
Opinionation
Our Games
Videos
Blog
Mobile Apps
Partnerships
Remove Ads and Go Orange
Feedback
Sports
Athletes
MLB
NBA
NHL
NFL
Soccer
Sports Teams
WWE
NCAA
Football
Premier League
Basketball
Baseball
Hockey
Golf
Tennis
Cricket
Rugby
Auto Racing
Olympics
World Cup
Sports
Athletes
MLB
NBA
NHL
NFL
Soccer
Sports Teams
WWE
NCAA
Football
Premier League
Basketball
Baseball
Hockey
Golf
Tennis
Cricket
Rugby
Auto Racing
Olympics
World Cup
Random Quiz
Search Sporcle
×
Quiz Lab
Quiz Lab
Sports
NHL
Type in answers that appear in a list
Type in answers that appear in a list
Classic
Best Score? Go Orange.
NHL Team Info Stats
Can you name the information for all the NHL teams??
By
wtuckermoore
14m
150 Questions
164 Plays
164 Plays
164 Plays
Comments
Comments
Give Quiz Kudos
Give Quiz Kudos
-
- Ratings
hide this ad
More Info
Replay
Link that replays current quiz
Next Quiz
Link to next quiz in quiz playlist
You Got
0%
They Got
Avg Score
59%
Avg Friend Score
Upgrade to see
Score Distribution
Jump to the score distribution portion of the page
Score
0/150
Timer
14:00
0
Plays Today
% Correct
New York
92.7%
New York
92.7%
Boston
92.1%
Canadiens
92.1%
Bruins
91.5%
Montreal
90.9%
Toronto
90.9%
Maple Leafs
90.9%
New Jersey
90.9%
Penguins
90.9%
Rangers
90.9%
Flyers
90.2%
Islanders
90.2%
Panthers
90.2%
Devils
89.6%
Pittsburgh
89%
Florida
89%
Lightning
89%
Jets
89%
Vancouver
89%
Buffalo
88.4%
Tampa Bay
88.4%
Capitals
88.4%
Colorado
88.4%
Senators
87.8%
Philadelphia
87.8%
Washington
87.8%
Wild
87.8%
Canucks
87.8%
Ottawa
87.2%
Avalanche
87.2%
Sabres
86.6%
Hurricanes
86.6%
Calgary
86.6%
Minnesota
86.6%
Chicago
86.6%
Kings
86.6%
Sharks
86.6%
Winnipeg
86%
Edmonton
86%
Flames
86%
Oilers
86%
Blackhawks
86%
Dallas
86%
San Jose
86%
Carolina
85.4%
Columbus
85.4%
Anaheim
85.4%
Los Angeles
85.4%
Detroit
84.8%
% Correct
St. Louis
84.8%
Blue Jackets
84.8%
Redwings
84.8%
Phoenix
84.8%
Ducks
84.8%
Stars
84.8%
Blues
84.1%
Sidney Crosby
83.5%
Coyotes
83.5%
Nashville
82.9%
Zdeno Chara
82.3%
Predators
82.3%
Alex Ovechkin
80.5%
Henrik Sedin
76.8%
Jonathan Toews
75%
Claude Giroux
74.4%
Daniel Alfredsson
73.8%
Jarome Iginla
73.8%
Eric Staal
73.2%
Dustin Brown
73.2%
Henrik Zetterberg
71.3%
Ryan Callahan
70.7%
Joe Thornton
69.5%
Shea Weber
68.3%
Dion Phaneuf
67.7%
Ryan Getzlaf
67.7%
Shane Doan
67.7%
Madison Square Garden
66.5%
Vincent Lecavalier
66.5%
Brian Gionta
64.6%
Mikko Koivu
64.6%
John Tortorella
60.4%
Gabriel Landeskog
57.3%
Andrew Ladd
56.7%
Bell Centre
54.3%
David Backes
53.7%
Dan Bylsma
52.4%
TD Garden
51.8%
Jason Pominville
51.2%
Claude Julien
51.2%
Ron Rolston
51.2%
Mark Streit
50.6%
Mike Babcock
49.4%
Bryce Salvador
48.2%
Adam Oates
46.3%
Peter Laviolette
45.1%
Bruce Boudreau
44.5%
Staples Center
44.5%
Joe Louis Arena
43.9%
Darryl Sutter
43.9%
% Correct
Air Canada Centre
43.3%
Shawn Horcoff
43.3%
Brenden Morrow
42.1%
Prudential Center
39%
Randy Carlyle
38.4%
Consol Energy Center
37.8%
Ken Hitchcock
37.8%
Peter DeBoer
36.6%
Guy Boucher
36.6%
Alain Vigneault
34.8%
Verizon Center
33.5%
Michel Therrien
32.9%
Paul MacLean
31.7%
Joel Quenneville
31.7%
Nassau Veterans Memorial Coliseum
31.1%
Pepsi Center
31.1%
HP Pavilion
29.3%
Ed Jovanovski
28.7%
Barry Trotz
26.8%
Scotiabank Place
26.2%
Rexall Place
26.2%
Mike Yeo
25.6%
Honda Center
25.6%
United Center
25%
Jobing.com Arena
25%
Jack Capuano
23.8%
Xcel Energy Center
23.2%
Rogers Arena
23.2%
Wells Fargo Center
22%
Dave Tippett
22%
MTS Centre
18.9%
Joe Sacco
18.9%
Scotiabank Saddledome
18.9%
Todd Richards
18.9%
Todd McLellan
18.3%
Bob Hartley
17.1%
Claude Noel
16.5%
Adrian Aucoin
15.9%
Kevin Dineen
14.6%
Bridgestone Arena
14.6%
American Airlines Center
14%
Ralph Krueger
13.4%
Scottrade Center
12.8%
Kirk Muller
12.2%
Glen Gulutzan
12.2%
Nationwide Arena
11.6%
First Niagara Center
10.4%
Tampa Bay Times Forum
9.1%
PNC Arena
7.3%
BB&T Center
4.3%
Quiz Playlist
Details
Report
Send in Message
Add To Playlist
More Info:
Last names acceptable, *any team(s) with no captain, alternate captains are accepted
Classic:
Type in answers that appear in a list
Last Updated: Feb 16, 2017
Quiz Scoreboard
CHALLENGE
Sign Up to Join the Scoreboard
Show All
Scores
Hide
Comments
May contain spoilers
Recently Published
5x2 Blitz: Bands
by SL_Kpop136
Music
30s
Colored Red Africa Blitz
by spor1
Geography
30s
Find the 'City' Movie
by crazypaving
Movies
60s
More to Explore
Quiz From the Vault
Featured Blog Post
14 Easter Pick-up Lines to Find Eggs With
hide this ad
You Might Also Like...
Tags
NHL Quiz
team
Today's Top Quizzes in Sports
Browse Sports
hide this ad
Today's Top Quizzes in NHL
Browse NHL
Top Contributed Quizzes in Sports
1
Players with Multiple 50 Home Run Seasons
2
Criteria MLB: Left Handed Sluggers
3
MLB Players with Two .350 Batting Average Seasons
4
Who Hit More Homers?
5
Premier League Clubs since 2000 (minefield)
6
Who Needs Fielders?
7
2020 F1 Drivers Logic Puzzle
8
Les entraîneurs de l'OM et du PSG au 21e siècle
9
Top 10 NHL Goal Scorers of All Time
10
MLB Hall of Famer by Rings
Explore More
Trending Topics
Kpop
Marvel
Disney
NBA
Anime
Crossword
Harry Potter
Song
The Office
Country
WWE
Pokémon
NFL
Soccer
Puzzle
hide this ad
More By:
wtuckermoore
Quiz
Plays
Rating
Category
Featured
Created
Clickable NHL General Managers
275
4.67
Sports
Jun 27, 2013
NHL Team Info
164
5.00
Sports
Feb 9, 2013
Go to Creator's Profile
Score Distribution
Quiz Creator Spotlight
wtuckermoore
Follow
Send a Message
Quizzes Created
-
Created Quiz Play Count
-
More By This Creator
Popular Quizzes Today
1
Find the 'City' Movie
2
Colored Red Africa Blitz
3
Find the US States - No Outlines Minefield
4
5x2 Blitz: Bands
5
The Countries of the World
6
Find the US States
7
US States
8
9x9 Crossword: Cartoon Network
More Sports Quizzes
NHL Captain of the Campbell Bowl winning team
Curator's Pick
Trending Quizzes
Colored Red Europe Blitz I
Colored Red Africa Blitz II
Colored Red Europe Blitz II
Colored Red Europe Blitz III
Colored Red Africa Blitz III
Recently Updated
Famous TV Couples
Peacemaker
Champions League XIs: Real Madrid
pecheneg
Largest US Cities 1790-2010
pecheneg
Rides in Walt Disney World
pecheneg
Most Oscar Losses (Acting)
pecheneg
Beyoncé Albums
pecheneg
Leaping Animals
pecheneg
Reality TV Shows (A-Z)
bhenderson79
Rickey Henderson's Hall of Fame Teammates
pecheneg
Champions League XIs: Arsenal
pecheneg
Trending Topics
Harry Potter
Marvel
Kpop
Disney
Anime
NBA
Crossword
Puzzle
Pokémon
Song
NFL
Country
WWE
The Office
Soccer
Your Account Isn't Verified!
In order to create a playlist on Sporcle, you need to verify the email address you used during registration. Go to your
Sporcle Settings
to finish the process.
Report this User
Report this user for behavior that violates our
Community Guidelines
.
Details:
Send Report
Go to the Sporcle.com Mobile Site →
Comments